Карманный русско-польский словарь: 9 000 слов

Bibliographische Detailangaben
Weitere Verfasser: Липкес Г. Б. Генрика Борисовна (редактор)
Sprache:Russisch
Veröffentlicht: Москва, ГИС, 1960
Schlagworte:
Format: MixedMaterials Buch
KOHA link:https://koha.lib.tpu.ru/cgi-bin/koha/opac-detail.pl?biblionumber=245493

MARC

LEADER 00000nam0a2200000 4500
001 245493
005 20231101232129.0
035 |a (RuTPU)RU\TPU\book\266903 
090 |a 245493 
100 |a 20131112d1960 m y0rusy50 ca 
101 0 |a rus  |c pol 
102 |a RU 
105 |a y z 000zy 
200 1 |a Карманный русско-польский словарь  |e 9 000 слов  |f под ред. Г. Б. Липкеса 
210 |a Москва  |c ГИС  |d 1960 
215 |a 490 с. 
606 1 |a Польский язык  |2 stltpush  |3 (RuTPU)RU\TPU\subj\50788  |9 69437 
610 1 |a словари 
610 1 |a русско-польские словари 
686 |a Ш141.5  |v LBC/SL-A  |2 rubbk 
702 1 |a Липкес  |b Г. Б.  |g Генрика Борисовна  |4 340 
801 1 |a RU  |b 63413507  |c 20131112 
801 2 |a RU  |b 63413507  |c 20131115  |g RCR 
942 |c BK